Περιθωριοποίηση και ενσωμάτωση : η κοινωνική πολιτική ως μηχανισμός ελέγχου και κοινωνικής πειθάρχησης

Αποθηκεύτηκε σε:
Λεπτομέρειες βιβλιογραφικής εγγραφής
Κύριος συγγραφέας: Αλεξίου, Θανάσης
Μορφή: Βιβλίο
Γλώσσα:Greek
Δημοσίευση: Αθήνα : Παπαζήσης, 1999
Έκδοση:2η έκδ.
Θέματα:
Ετικέτες: Προσθήκη ετικέτας
Δεν υπάρχουν, Καταχωρήστε ετικέτα πρώτοι!

MARC

LEADER 00000cam a2200000 i 4500
001 1/30756
008 030117s1999 gre d
020 |a 960-02-1237-6 
035 |l 10069037 
040 |a GR-MY-UA  |b gre  |e aacr 
041 0 |a gre 
082 0 |a 361.3 
100 1 |a Αλεξίου, Θανάσης. 
245 1 0 |a Περιθωριοποίηση και ενσωμάτωση :  |b η κοινωνική πολιτική ως μηχανισμός ελέγχου και κοινωνικής πειθάρχησης /  |c Θανάσης Αλεξίου 
250 |a 2η έκδ. 
260 |a Αθήνα :   |b Παπαζήσης,   |c 1999 
300 |a 332 σ.;  |c 20 εκ. 
504 |a Περιέχει βιβλιογραφικές παραπομπές 
650 0 0 |a Social policy. 
650 0 0 |a Marginality, Social. 
852 |a INST  |b LESVOS  |e 20030117  |h 361.3 ΑΛΕ  |p 005100024883  |q 005100024883  |t BK  |y 0 
852 |a INST  |b LESVOS  |e 20050913  |h 361.3 ΑΛΕ  |p 005100031132  |q 005100031132  |t BK  |y 0 
852 |a INST  |b LESVOS  |e 20140408  |h 361.3 ΑΛΕ  |p 005100053973  |q 005100053973  |t BK  |y 0 
852 |a INST  |b LESVOS  |e 20140819  |h 361.3 ΑΛΕ  |p 005100054848  |q 005100054848  |t BK  |y 0 
852 |a INST  |b RHODES  |e 20131216  |h 361.3 ΑΛΕ  |p 005400035923  |q 005400035923  |t BK  |y 0 
901 |a BIBL1-2003-1 
901 |a BIBL1-2005-3 
901 |a BIBL4-2013-3 
901 |a BIBL1-2014-1 
901 |a BIBL1-2014-2 
909 |a Λ  |b 088598 
909 |a Λ  |b 116270 
909 |a Ρ  |b 182431 
909 |a Λ  |b 186793 
909 |a Λ  |b 190144 
920 |a ΦΟΙΤΗΤΙΚΗ ΜΕΡΙΜΝΑ  |y ΛΕΣΒΟΣ  |z 2000-09 
920 |a ΔΙΕΥΡΥΝΣΗ  |b ΕΠΕΑΕΚ-ΤΚ  |y ΛΕΣΒΟΣ  |z 2004-10 
970 |a ΚΑΜΑΤΣΟΥ  |b ΔΕΣΠΟΙΝΑ  |z 2003/01/17